Prerástli Slovensko, teraz chcú dobyť Európu

Predajca hudobných nástrojov Muziker sa vypracoval na najväčší obchod pre hudobníkov na Slovensku a priľahlom regióne. Muziker v číslach. Česko ako najvýnosnejší trh pre firmu. Rast internetového predaja. Výzva zvládnuť prudký rast.

Gespeichert in:
Bibliographische Detailangaben
1. Verfasser: Legéň, Marek
Format: Buchkapitel
Sprache:Slowakisch
Schlagworte:
Tags: Tag hinzufügen
Keine Tags, Fügen Sie das erste Tag hinzu!

MARC

LEADER 00000naa a2200000 4500
001 0234972
005 20170811095753.4
041 0 |a slo 
044 |a SK 
245 1 0 |a Prerástli Slovensko, teraz chcú dobyť Európu  |c Marek Legéň 
520 |a Predajca hudobných nástrojov Muziker sa vypracoval na najväčší obchod pre hudobníkov na Slovensku a priľahlom regióne. Muziker v číslach. Česko ako najvýnosnejší trh pre firmu. Rast internetového predaja. Výzva zvládnuť prudký rast. 
610 2 0 |a obchod 
610 2 0 |a obchod elektronický 
610 2 0 |a hudba 
610 2 0 |a podnikanie 
610 2 0 |a manažéri 
610 2 0 |a riadenie podnikové 
610 2 0 |a trh 
610 2 0 |a Slovensko 
100 1 |a Legéň, Marek